Raíces intelectuales de Amartya Sen : (Registro nro. 5417)

Detalles MARC
000 -LEADER
fixed length control field 01123nam a2200253Ia 4500
003 - CONTROL NUMBER IDENTIFIER
control field OSt
005 - DATE AND TIME OF LATEST TRANSACTION
control field 20200522144513.0
008 - FIXED-LENGTH DATA ELEMENTS--GENERAL INFORMATION
fixed length control field 191128s2008 sp gr 000 0 spa d
020 ## - INTERNATIONAL STANDARD BOOK NUMBER
International Standard Book Number 9788425914232
040 ## - CATALOGING SOURCE
Original cataloging agency CO-JMCR
Transcribing agency CO-JMCR
041 0# - LANGUAGE CODE
Language code of text/sound track or separate title spa
082 04 - DEWEY DECIMAL CLASSIFICATION NUMBER
Classification number 330.092 /
Item number S151r
Edition number 23
100 1# - MAIN ENTRY--PERSONAL NAME
Personal name Sánchez Garrido, Pablo,
Relator term autor
9 (RLIN) 4683
245 10 - TITLE STATEMENT
Title Raíces intelectuales de Amartya Sen :
Remainder of title Aristóteles, Adam Smith, y Karl Marx /
Statement of responsibility, etc. Pablo Sánchez Garrido
260 ## - PUBLICATION, DISTRIBUTION, ETC.
Place of publication, distribution, etc. Madrid :
Name of publisher, distributor, etc. Centro de Estudios Políticos y Constitucionales,
Date of publication, distribution, etc. 2008
300 ## - PHYSICAL DESCRIPTION
Extent 574 páginas ;
Dimensions 22 cm.
490 0# - SERIES STATEMENT
Series statement El Derecho y la Justicia
500 ## - GENERAL NOTE
General note Bibliografía: páginas 541-568.
505 ## - FORMATTED CONTENTS NOTE
Formatted contents note La influencia de Aristóteles en la filosofía política de Amartya Sen -- La concepción aristotélica sobre ética, política y economía en Amartya Sen -- El enfoque de las capacidades y los funcionamientos y sus vínculos aristotélicos
650 14 - SUBJECT ADDED ENTRY--TOPICAL TERM
Topical term or geographic name entry element Sen, Amartya Kumar,
9 (RLIN) 4684
650 24 - SUBJECT ADDED ENTRY--TOPICAL TERM
Topical term or geographic name entry element Pensamiento político y social Aristóteles
Chronological subdivision 384-322 a. de C.
9 (RLIN) 4685
650 24 - SUBJECT ADDED ENTRY--TOPICAL TERM
Topical term or geographic name entry element Pensamiento político y social
9 (RLIN) 4686
942 ## - ADDED ENTRY ELEMENTS (KOHA)
Source of classification or shelving scheme Dewey Decimal Classification
Koha item type Books
Existencias
Withdrawn status Lost status Source of classification or shelving scheme Materials specified (bound volume or other part) Damaged status Not for loan Home library Current library Shelving location Date acquired Source of acquisition Cost, normal purchase price Total Checkouts Full call number Barcode Date last seen Copy number Price effective from Koha item type
    Dewey Decimal Classification Donación--15/04/2018--     Biblioteca Pública José María del Castillo y Rada Biblioteca Pública José María del Castillo y Rada General Stacks 11/28/2019 Donación 0.00   330.092 / S151r 430001880 05/16/2024 Ej.1 11/28/2019 Books